<?xml version="1.0" encoding="UTF-8"?><?xml-stylesheet type="text/xsl" href="static/style.xsl"?><OAI-PMH xmlns="http://www.openarchives.org/OAI/2.0/" xmlns:xsi="http://www.w3.org/2001/XMLSchema-instance" xsi:schemaLocation="http://www.openarchives.org/OAI/2.0/ http://www.openarchives.org/OAI/2.0/OAI-PMH.xsd"><responseDate>2026-04-14T07:40:51Z</responseDate><request verb="GetRecord" identifier="oai:www.recercat.cat:10230/46910" metadataPrefix="marc">https://recercat.cat/oai/request</request><GetRecord><record><header><identifier>oai:recercat.cat:10230/46910</identifier><datestamp>2025-12-25T19:57:07Z</datestamp><setSpec>com_2072_6</setSpec><setSpec>col_2072_452954</setSpec></header><metadata><record xmlns="http://www.loc.gov/MARC21/slim" xmlns:dcterms="http://purl.org/dc/terms/" xmlns:xsi="http://www.w3.org/2001/XMLSchema-instance" xmlns:doc="http://www.lyncode.com/xoai" xsi:schemaLocation="http://www.loc.gov/MARC21/slim http://www.loc.gov/standards/marcxml/schema/MARC21slim.xsd">
   <leader>00925njm 22002777a 4500</leader>
   <datafield ind2=" " ind1=" " tag="042">
      <subfield code="a">dc</subfield>
   </datafield>
   <datafield ind2=" " ind1=" " tag="720">
      <subfield code="a">Mañé Sánchez, Laia</subfield>
      <subfield code="e">author</subfield>
   </datafield>
   <datafield ind2=" " ind1=" " tag="260">
      <subfield code="c">2021-03-23T11:55:49Z</subfield>
   </datafield>
   <datafield ind2=" " ind1=" " tag="260">
      <subfield code="c">2021-03-23T11:55:49Z</subfield>
   </datafield>
   <datafield ind2=" " ind1=" " tag="260">
      <subfield code="c">2020</subfield>
   </datafield>
   <datafield ind2=" " ind1=" " tag="520">
      <subfield code="a">Premi Treball de Fi de Grau a la Recerca en Gènere. Curs 2019-2020</subfield>
   </datafield>
   <datafield ind2=" " ind1=" " tag="520">
      <subfield code="a">Treball de Fi de Grau en Dret. Curs 2019-2020</subfield>
   </datafield>
   <datafield ind2=" " ind1=" " tag="520">
      <subfield code="a">Tutora: Mariona Llobet Anglí</subfield>
   </datafield>
   <datafield ind2=" " ind1=" " tag="520">
      <subfield code="a">Los delitos contra la libertad sexual recogidos en el Código penal, después de varias modificaciones, siguen siendo controvertidos en el debate público y jurídico. La norma tipifica los delitos sexuales en adultos en base a los medios empleados para anular la libertad sexual de la víctima. Mientras tanto, las directrices internacionales y comunitarias apuntan que el fundamento de la tipificación de tales delitos debe residir en el acto sexual contrario a la voluntad de la víctima. En ese contexto, el consentimiento de las partes en el mantenimiento de las relaciones sexuales se erige como elemento central para apreciar la ilicitud y penalidad de los hechos, siendo a su vez el elemento más difícil de probar en sede judicial. Para facilitar la tarea probatoria, se construyen dos presunciones opuestas sobre el&#xd;
consentimiento y su exigencia: la teoría del “no es no” y la del “sí es sí”. A pesar de la concluyente y extensa jurisprudencia que diferencia los tipos, los Tribunales siguen incurriendo en errores de subsunción -como en el caso de “la Manada”-, hecho que junto a la realidad social del país hace de su reforma y reorganización una necesidad que debe ser abordada.</subfield>
   </datafield>
   <datafield tag="653" ind2=" " ind1=" ">
      <subfield code="a">Treball de fi de grau – Curs 2019-2020</subfield>
   </datafield>
   <datafield tag="653" ind2=" " ind1=" ">
      <subfield code="a">Violència envers les dones</subfield>
   </datafield>
   <datafield tag="653" ind2=" " ind1=" ">
      <subfield code="a">Víctimes d&amp;apos;abús sexual</subfield>
   </datafield>
   <datafield tag="653" ind2=" " ind1=" ">
      <subfield code="a">Víctimes de violació</subfield>
   </datafield>
   <datafield tag="653" ind2=" " ind1=" ">
      <subfield code="a">Violació</subfield>
   </datafield>
   <datafield tag="653" ind2=" " ind1=" ">
      <subfield code="a">Sexualitat</subfield>
   </datafield>
   <datafield tag="653" ind2=" " ind1=" ">
      <subfield code="a">Integritat</subfield>
   </datafield>
   <datafield tag="653" ind2=" " ind1=" ">
      <subfield code="a">Consentiment sexual</subfield>
   </datafield>
   <datafield ind2="0" ind1="0" tag="245">
      <subfield code="a">Propuesta de reforma de los delitos contra la libertad sexual en base al consentimiento de la víctima : agresión y abuso sexuales en adultos</subfield>
   </datafield>
</record></metadata></record></GetRecord></OAI-PMH>